Multi-Category Threesomes IV Quiz Stats

 Plays Quiz Updated Apr 21, 2021

Support Sporcle.
Go Orange.
Score 0/45 Timer 05:00
13 Plays Today
% Correct
Rangers
98%
Reading
97.9%
Neil Armstrong
97.7%
United States
97.5%
Buzz Aldrin
97.4%
Writing
97.3%
Guatemala
97.3%
Simon Cowell
97.2%
Islanders
96.8%
Claimed
96.8%
Decimal
96.5%
Emily
96.5%
Mother's Day
96.4%
Christmas
96.4%
Michael Collins
96.3%
Valentine's Day
96.3%
Anne
96%
Arithmetic
95.9%
Paula Abdul
95.8%
Pennsylvania
95.5%
Sabres
95.4%
Head
95.4%
Thorax
95.3%
% Correct
Randy Jackson
95.3%
Medical
95.1%
Abdomen
95.1%
North Carolina
95%
Charlotte
94.9%
Imperative
94.5%
Indicative
94.3%
Belize
93.7%
Medusa
93.5%
Subjunctive
93.3%
Sonny
93.2%
Michael
92.6%
Nevermind
92.5%
Fredo
91.5%
Wakko
90.3%
Pacific
90.1%
Yakko
89.8%
In Utero
87.7%
Stheno
87.5%
Euryale
87.1%
Bleach
81.5%
Dot
79%

You're not logged in!

Compare scores with friends on all Sporcle quizzes.
OR
Log In

From the Vault

MLB Pitching Rotations (2000s)

by deej

Hopefully you can bring the heat, knuckle down and master this curve ball of a quiz.
Remove Ads.
Support Sporcle.
Get the best of Sporcle when you Go Orange. This ad-free experience offers more features, more stats, and more fun while also helping to support Sporcle. Thank you for becoming a member.

Show Comments

Extras

Top Quizzes Today


Score Distribution

Your Account Isn't Verified!

In order to create a playlist on Sporcle, you need to verify the email address you used during registration. Go to your Sporcle Settings to finish the process.

Report this User

Report this user for behavior that violates our Community Guidelines.

Details: